000 00464nam a2200181Ia 4500
001 13568
005 20260306164810.0
008 260306t2008||||xx |||||||||||||| ||spa||
041 _aESP
082 _a004.678
_bD46
100 _aDeitel, Paul J.
_eAUT
245 0 _aAjax, rich internet applications y desarrollo web para programadores
260 _c2008
300 _a1088 páginas :
_c22 cm.
650 _aGEN
654 _aCCC
942 _cLIB
_dJUS
_fJUS
_2ddc
_n
999 _c13568
_d13568